| 000 | 00930cam a22003017a 4500 | ||
|---|---|---|---|
| 003 | CHAP | ||
| 005 | 20220329141648.0 | ||
| 008 | 971013s1912 r 00010 d | ||
| 010 | _a71806 | ||
| 011 | _a72778 | ||
| 035 | _a82334 | ||
| 040 | _cCHAP | ||
| 090 | _aFolleto 6153 | ||
| 100 | 0 | 0 |
_aGándara, Guillermo. _948392 |
| 245 | 1 | 3 | _aLa destrucción de las ratas |
| 260 |
_aMéxico, D.F. : _bDirección General de Agricultura, _c1912 |
||
| 300 |
_a47 p. _b: ilus. |
||
| 500 | _aEncuadernado con otro impreso similar | ||
| 590 |
_aBATCH-UPD _b10 _c20130110 _lUCH01 _h0138 |
||
| 590 |
_aBATCH-UPD _b10 _c20130110 _lUCH01 _h1944 |
||
| 590 |
_aBATCH-UPD _b10 _c20130410 _lUCH01 _h1307 |
||
| 590 |
_aBATCH-UPD _b10 _c20130914 _lUCH01 _h1545 |
||
| 590 |
_aCONVERSION _b10 _c20130109 _lUCH01 _h1339 |
||
| 650 | 1 | 4 |
_aRatas _xExterminio. _994731 |
| 901 | _aBK | ||
| 942 | _cFOLL | ||
| 949 |
_aFolleto 6153 _bBC _cBPP _d-36330 _eBPP _i82334 _mD _si |
||
| 999 |
_c71806 _d71806 |
||